Szczegóły MARC21

Prawo spółek osobowych /

003 -Nazwa inst., której nr kontr. jest w polu 001 [,]
    • @
    • Nazwa instytucji, której n kontrolny jest w polu 001
    • NUKAT
005 -DATA I CZAS OSTATNIEJ MODYFIKACJI [,]
    • @
    • pole kontrolne
    • 20241231091748.0
020 -Międzynarod. znormalizowany nr książki - ISBN [ , ]
    • a
    • Numer ISBN
    • 9788325578596 Find
020 -Międzynarod. znormalizowany nr książki - ISBN [ , ]
    • a
    • Numer ISBN
    • 9788325578602 Find
    • q
    • Dopowiedzenie
    • e-book
040 -Instytucja sporządzająca opis [ , ]
    • a
    • Instytucja, która sporządziła opis (NP)
    • GD U/AEK
    • c
    • Instytucja, która sporządziła rekord (NP)
    • GD U/AEKs
    • d
    • Instytucja, która zmodyfikowała rekord (P)
    • KR U/42MSs
    • d
    • Instytucja, która zmodyfikowała rekord (P)
    • TOR U/WS
942 -Rodzaj dokumentu [ , ]
    • c
    • Rodzaj dokumentu
    • Książka
100 -Hasło główne - nazwa osobowa [1, ]
    • a
    • Nazwa osobowa (NP)
    • Asłanowicz, Marcin.
    • 9
    • KHW
    • 13254
245 -Strefa tytułu i oznaczenia odpowiedzialności [1,0]
    • a
    • Tytuł
    • Prawo spółek osobowych / Find
    • c
    • Pozostałe elementy strefy tytułu i oznaczenia odpowiedzialności (NP)
    • redaktor Andrzej Szajkowski ; autorzy Marcin Asłanowicz, Andrzej Herbet, Marta Litwińska-Werner, Paweł Moskwa, Jerzy P. Naworski, Wojciech Popiołek, Michał Romanowski, Tomasz Siemiątkowski, Stanisław Sołtysiński, Andrzej Szajkowski, Tomasz Szczurowski, Andrzej Szumański, Monika Tarska.
250 -Strefa wydania [ , ]
    • a
    • Oznaczenie wydania (NP)
    • 2. wyd., stan prawny na dzień 1 stycznia 2016 r.
260 -Strefa adresu wydawniczego [ , ]
    • a
    • Miejsce wydania (P)
    • Warszawa :
    • b
    • Nazwa wydawcy (P)
    • C. H. Beck :
    • b
    • Nazwa wydawcy (P)
    • Instytut Nauk Prawnych PAN,
    • c
    • Data wydania (P)
    • 2016.
300 -Strefa opisu fizycznego [ , ]
    • a
    • Określenie formy książki i/lub objętość (NP)
    • XXVIII, 1376 s. ;
    • c
    • Format (NP)
    • 25 cm.
336 -Typ zawartości [ , ]
    • a
    • Termin opisujący typ zawartości
    • Tekst
    • b
    • Kod określający zawartość
    • txt
    • 2
    • Źródło (terminu i kodu)
    • rdacontent
337 -Typ mediów [ , ]
    • a
    • Tryb odtwarzania
    • Bez urządzenia pośredniczącego
    • b
    • Kod typu mediów
    • n
    • 2
    • Źródło (terminu i kodu)
    • rdamedia
338 -Typ/rodzaj nośnika [ , ]
    • a
    • Hasło opisujące typ nośnika
    • Wolumin
    • b
    • Kod typu nośnika
    • nc
    • 2
    • Źródło (terminu i kodu)
    • rdacarrier
490 -Strefa serii i książki wielotomowej - forma nie do wyszukiwania [1, ]
    • a
    • Tytuł (P)
    • System Prawa Prywatnego ; Find
    • v
    • Numeracja (P)
    • t. 16
830 -Hasło dodatkowe serii i opisu książki wielotomowej - tytuł ujednolicony/tytuł [ ,0]
    • a
    • Tytuł ujednolicony/tytuł (NP)
    • System Prawa Prywatnego
    • v
    • Oznaczenie tomu (NP)
    • t. 16
    • 9
    • KHW
    • 45381
504 -Uwaga dot. bibliogr. załącznikowej [ , ]
    • a
    • Uwaga dot. bibliografii załącznikowej
    • Bibliogr. przy poszczególnych rozdz. Indeks.
504 -Uwaga dot. bibliogr. załącznikowej [ , ]
    • a
    • Uwaga dot. bibliografii załącznikowej
    • Inf. o stanie prawnym w przedm.
530 -Uwaga dot. innej postaci fizycznej dokumentu [ , ]
    • a
    • Uwaga dot. innej postaci fizycznej dokumentu
    • Dostępne również w formie elektronicznej.
650 -Hasło przedmiotowe [ ,7]
    • a
    • Hasło przedmiotowe
    • Spółki osobowe
    • x
    • Określnik rzeczowy
    • prawo
    • z
    • Określnik geograficzny
    • Polska
    • y
    • Określnik chronologiczny
    • 1990-.
    • 2
    • Źródło terminu
    • kaba
    • 9
    • KHW
    • 403951
700 -Hasło dodatkowe - nazwa osobowa [1, ]
    • a
    • Nazwa osobowa (NP)
    • Herbet, Andrzej Find
    • d
    • Daty biograficzne (NP)
    • (1973- ).
    • 9
    • KHW
    • 22975
700 -Hasło dodatkowe - nazwa osobowa [1, ]
    • a
    • Nazwa osobowa (NP)
    • Litwińska, Marta. Find
    • 9
    • KHW
    • 20225
700 -Hasło dodatkowe - nazwa osobowa [1, ]
    • a
    • Nazwa osobowa (NP)
    • Moskwa, Paweł. Find
    • 9
    • KHW
    • 90616
700 -Hasło dodatkowe - nazwa osobowa [1, ]
    • a
    • Nazwa osobowa (NP)
    • Naworski, Jerzy Paweł. Find
    • 9
    • KHW
    • 23077
700 -Hasło dodatkowe - nazwa osobowa [1, ]
    • a
    • Nazwa osobowa (NP)
    • Popiołek, Wojciech Find
    • d
    • Daty biograficzne (NP)
    • (1951- ).
    • 9
    • KHW
    • 11281
700 -Hasło dodatkowe - nazwa osobowa [1, ]
    • a
    • Nazwa osobowa (NP)
    • Romanowski, Michał Find
    • d
    • Daty biograficzne (NP)
    • (1970- ).
    • 9
    • KHW
    • 86303
700 -Hasło dodatkowe - nazwa osobowa [1, ]
    • a
    • Nazwa osobowa (NP)
    • Siemiątkowski, Tomasz. Find
    • 9
    • KHW
    • 23078
700 -Hasło dodatkowe - nazwa osobowa [1, ]
    • a
    • Nazwa osobowa (NP)
    • Sołtysiński, Stanisław Find
    • d
    • Daty biograficzne (NP)
    • (1939- ).
    • 9
    • KHW
    • 32021
700 -Hasło dodatkowe - nazwa osobowa [1, ]
    • a
    • Nazwa osobowa (NP)
    • Szajkowski, Andrzej Find
    • d
    • Daty biograficzne (NP)
    • (1938- ).
    • 9
    • KHW
    • 13251
700 -Hasło dodatkowe - nazwa osobowa [1, ]
    • a
    • Nazwa osobowa (NP)
    • Szczurowski, Tomasz. Find
    • 9
    • KHW
    • 53299
700 -Hasło dodatkowe - nazwa osobowa [1, ]
    • a
    • Nazwa osobowa (NP)
    • Szumański, Andrzej Find
    • d
    • Daty biograficzne (NP)
    • (1957- ).
    • 9
    • KHW
    • 11690
700 -Hasło dodatkowe - nazwa osobowa [1, ]
    • a
    • Nazwa osobowa (NP)
    • Tarska, Monika. Find
    • 9
    • KHW
    • 7534
710 -Hasło dodatkowe - nazwa ciała zbiorowego [2, ]
    • a
    • Nazwa ciała zbiorowego lub nazwa geograficzna jako pierwszy element (NP)
    • Wydawnictwo C.H. Beck.
    • 4
    • Kod relacji
    • pbl
    • 9
    • KHW
    • 52679
710 -Hasło dodatkowe - nazwa ciała zbiorowego [2, ]
    • a
    • Nazwa ciała zbiorowego lub nazwa geograficzna jako pierwszy element (NP)
    • Polska Akademia Nauk.
    • b
    • Nazwa jednostki podrzędnej (P)
    • Instytut Nauk Prawnych.
    • 4
    • Kod relacji
    • pbl
    • 9
    • KHW
    • 12581
856 -Dostęp do wersji elektronicznej [4,1]
    • z
    • Uwaga
    • Dostęp dla autoryzowanych użytkowników
920 -ISBN [ , ]
    • a
    • ISBN
    • 978-83-255-7859-6 Find
920 -ISBN [ , ]
    • a
    • ISBN
    • 978-83-255-7860-2 Find
    • q
    • Dopowiedzenie
    • e-book
Obwoluta Sygnatura Numer inwentarzowy Status udost. Data inwentaryzacji Lokalizacja
1SA.24032SA.2403212017-01-09BSA